000 00482nam a2200145Ia 4500
008 090124s9999 xx 000 0 und d
082 _b401635
245 _a विज्ञानाचे वाटाडे भाग 1
250 _a1
260 _bमथुरे सुरेश
_c1980
300 _a67
630 _a विज्ञानाचे वाटाडे भाग 1
730 _a विज्ञानाचे वाटाडे भाग 1
942 _cBOOK
999 _c198019
_d198019